03791cas a2200421 a 450000500170000000800410001702200140005804000350007204100080010704400070011509000070012224500690012926000290019830000500022750400420027765000540031965000490037365000530042271000910047594200180056699900170058495201780060195201780077995201780095795201760113595201780131195201660148995201760165595201720183195201780200395201760218195201760235795201680253395201660270195201660286795201680303395201680320120170301172017.0960411s19700000ck f p 0 spa d a0120-5366 aCO-BoPUJcCO-BoIAVHdCO-BoIAVH0 aspa ack aSE 0aColombia geográfica / cInstituto Geográfico Agustin Codazzi aBogotá : bIGAC,c1970 bilustraciones, mapas y tablas ; c23 x 17 cm. aIncluye referencias bibliográficas.26aGeografíazColombiavPublicaciones periódicas26aSueloszColombiavPublicaciones periódicas26aEcologíazColombiavPublicaciones periódicas2 aInstituto Geográfico Agustín Codazzí.bFondo Nacional de Proyectos de Desarrollo 2zcREVISTAs1 c16818d16818 00102z40708HEMEROTECAA1987B13C1 y 2IINV2017aBogotabBogotad2017-03-09hVol 13, Nros 1 y 2l0oSEp041039r2017-03-09 00:00:00tEj. 1w2017-03-09xDonacionyREVISTA 00102z40708HEMEROTECAA1988B14C1 y 2IINV2017aBogotabBogotad2017-03-09hVol 14, Nros 1 y 2l0oSEp041052r2017-03-09 00:00:00tEj. 1w2017-03-09xDonacionyREVISTA 00102z40708HEMEROTECAA1990B16C1 y 2IINV2017aBogotabBogotad2017-03-09hVol 16, Nros 1 y 2l0oSEp041041r2017-03-09 00:00:00tEj. 1w2017-03-09xDonacionyREVISTA 00102z40708HEMEROTECAA1978B5C1 y 2IINV2017aBogotabBogotad2017-03-09hVol 5, Nros 1 y 2l0oSEp041058r2017-03-09 00:00:00tEj. 1w2017-03-09xDonacionyREVISTA 00102z40708HEMEROTECAA1985B11C1 y 2IINV2017aBogotabBogotad2017-03-09hVol 11, Nros 1 y 2l0oSEp041038r2017-03-09 00:00:00tEj. 1w2017-03-09xDonacionyREVISTA 00102z40708HEMEROTECAA1979B6C2IINV2017aBogotabBogotad2017-03-09hVol 6, No 2l0oSEp041057r2017-03-09 00:00:00tEj. 1w2017-03-09xDonacionyREVISTA 00102z40708HEMEROTECAA1980B7C1 y 2IINV2017aBogotabBogotad2017-03-09hVol 7, Nros 1 y 2l0oSEp041056r2017-03-09 00:00:00tEj. 1w2017-03-09xDonacionyREVISTA 00102z40708HEMEROTECAA1983B10C1 y 2IINV2017aBogotabBogotad2017-03-09hVol 10, No 1l0oSEp041053r2017-03-09 00:00:00tEj. 1w2017-03-09xDonacionyREVISTA 00102z40708HEMEROTECAA1989B15C1 y 2IINV2017aBogotabBogotad2017-03-09hVol 15, Nros 1 y 2l0oSEp041040r2017-03-09 00:00:00tEj. 1w2017-03-09xDonacionyREVISTA 00102z40708HEMEROTECAA1982B9C1 y 2IINV2017aBogotabBogotad2017-03-09hVol 9, Nros 1 y 2l0oSEp041054r2017-03-09 00:00:00tEj. 1w2017-03-09xDonacionyREVISTA 00102z40708HEMEROTECAA1981B8C1 y 2IINV2017aBogotabBogotad2017-03-09hVol 8, Nros 1 y 2l0oSEp041055r2017-03-09 00:00:00tEj. 1w2017-03-09xDonacionyREVISTA 00102ddc40708HEMEROTECAA1978B5C1IINV2017aBogotabBogotad2017-07-10hVol 5, No 1l0oSEp006599r2017-07-10 00:00:00tEj. 2w2017-07-10xDonacionyREVISTA 00102z40708HEMEROTECAA1978B5C2IINV2017aBogotabBogotad2017-07-10hVol 5, No 2l0oSEp006600r2017-07-10 00:00:00tEj. 2w2017-07-10xDonacionyREVISTA 00102z40708HEMEROTECAA1979B6C1IINV2017aBogotabBogotad2017-07-10hVol 6, No 1l0oSEp006601r2017-07-10 00:00:00tEj. 1w2017-07-10xDonacionyREVISTA 00102z40708HEMEROTECAA1988B15C2IINV2017aBogotabBogotad2017-07-10hVol 14, No 2l0oSEp041534r2017-07-10 00:00:00tEj. 2w2017-07-10xDonacionyREVISTA 00102z40708HEMEROTECAA1991B17C1IINV2017aBogotabBogotad2017-07-10hVol 17, No 1l0oSEp041535r2017-07-10 00:00:00tEj. 1w2017-07-10xDonacionyREVISTA